LEADER 00942nam0 2200265 i 450 001 SUN0035269 005 20091014120000.0 010 $a08-493-2049-6 100 $a20050408d2000 |0engc50 ba 101 $aeng 102 $aUS 105 $a|||| ||||| 200 1 $aLabview$eadvanced programming techniques$fRick Bitter, Taqui Mohiuddin, Matt Nawrocki 210 $aBoca Raton$cCRC$d2000 215 $a440 p.$d24 cm$e1 CD-ROM. 620 $aUS$dBoca Raton$3SUNL000070 700 1$aBitter$b, Rick$3SUNV029779$0150168 701 1$aMohiuddin$b, Taqui$3SUNV029780$0727778 701 1$aNawrocki$b, Matt$3SUNV029781$0150170 712 $aCRC$3SUNV000167$4650 801 $aIT$bSOL$c20201221$gRICA 912 $aSUN0035269 950 $aUFFICIO DI BIBLIOTECA DEL DIPARTIMENTO DI INGEGNERIA$d05CONS B II 335 $e05 4164 20050408 996 $aLabview$91422656 997 $aUNICAMPANIA LEADER 01823nam 2200385 n 450 001 996384807903316 005 20231219231039.0 035 $a(CKB)4940000000073649 035 $a(EEBO)2248503891 035 $a(UnM)ocm11792008e 035 $a(UnM)11792008 035 $a(EXLCZ)994940000000073649 100 $a19850311d1684 uy 101 0 $aeng 135 $aurbn#|||a|bb| 200 13$aAn essay to heraldry$b[electronic resource] $ein two parts. The first containing (in a concise but methodical method, by rules and explanations of bearings) the body of heraldry: the second, honour civil and military; being a treatise of the nobility and gentry of England, as to their priviledges, dignities, &c. according to the laws and customs of our realm. The whole illustrated with variety of apt and proper sculptures, for the better explanation thereof 210 $aLondon, $cPrinted by T.B. for Rich. Blome, and sold by him at his lodgings at Mr. Conines next the hanging Sword in Salisbury Court$d1684 215 $a[8], 243, [i.e., 259], [13] p.$cill., coat of arms 300 $a"Epistle dedicatory" signed: Richard Blome. 300 $aItem at reel 867:16 incorrectly identified as: Twenty select colloquies by Desiderius Erasmus (Wing E3211). 300 $aReproductions of originals in Henry E. Huntington Library and Art Gallery and Duke University Library. 330 $aeebo-0113 606 $aHeraldry$zEngland$vEarly works to 1800 606 $aNobility$zEngland$vEarly works to 1800 615 0$aHeraldry 615 0$aNobility 700 $aBlome$b Richard$f1635-1705.$01005190 801 0$bCu-RivES 801 1$bCu-RivES 801 2$bCStRLIN 801 2$bCu-RivES 906 $aBOOK 912 $a996384807903316 996 $aAn essay to heraldry$92341372 997 $aUNISA LEADER 01577nas 2200529- 450 001 996398344803316 005 20211118213022.0 035 $a(OCoLC)870966160 035 $a(CKB)2670000000426233 035 $a(CONSER)--2019207227 035 $a(MiAaPQ)33070 035 $a(DE-599)ZDB2755049-7 035 $a(EXLCZ)992670000000426233 100 $a20140224a20149999 --- - 101 0 $aeng 135 $aur||||||||||| 181 $ctxt$2rdacontent 182 $cc$2rdamedia 183 $acr$2rdacarrier 200 00$aAslib journal of information management 210 1$a[Bingley, United Kingdom] :$cEmerald Group Publishing Limited,$d[2014]- 210 4$dİ2014- 215 $a1 online resource 300 $a"New information perspectives." 300 $aRefereed/Peer-reviewed 311 $a2050-3806 517 1 $aAJIM 531 $aASLIB J INFORM MANAG 606 $aLibraries$zGreat Britain$vPeriodicals 606 $aInformation science$vPeriodicals 606 $aInformation science$2fast$3(OCoLC)fst00972640 606 $aLibraries$2fast$3(OCoLC)fst00997341 606 $aBibliothek$vZeitschrift$2idsbb 607 $aGreat Britain$2fast 608 $aPeriodicals.$2fast 608 $aPeriodicals.$2rbgenr 615 0$aLibraries 615 0$aInformation science 615 7$aInformation science. 615 7$aLibraries. 615 7$aBibliothek 676 $a020.5 712 02$aAslib, 906 $aJOURNAL 912 $a996398344803316 996 $aAslib journal of information management$91758999 997 $aUNISA